Európska politika Spojeného kráľovstva po nástupe Konzervatívnej strany k moci v roku 2010 diplomová práca

Na minha lista:
Detalhes bibliográficos
Autor principal: Kuzmiaková, Sabína
Autor Corporativo: Fakulta medzinárodných vzťahov EU. Katedra medzinárodných politických vzťahov
Outros Autores: Kucharčík, Rudolf, 1977-
Formato: Livro
Idioma:eslovaco
Publicado em: Bratislava 2018
Tags: Adicionar Tag
Sem tags, seja o primeiro a adicionar uma tag!

MARC

LEADER 00000nbm a2200000 4500
001 0244428
005 20180806121015.3
041 0 |a slo 
044 |a SK 
245 1 0 |a Európska politika Spojeného kráľovstva po nástupe Konzervatívnej strany k moci v roku 2010  |b diplomová práca  |c Sabína Kuzmiaková ; školiteľ: Rudolf Kucharčík 
264 1 |a Bratislava  |c 2018 
300 |a 77 s. 
100 1 |a Kuzmiaková, Sabína 
700 1 |a Kucharčík, Rudolf, 1977- 
710 2 |a Fakulta medzinárodných vzťahov EU. Katedra medzinárodných politických vzťahov